| 000 | 00501nam a2200169 i 4500 | ||
|---|---|---|---|
| 001 | 23237 | ||
| 003 | ES-MaACL | ||
| 005 | 20251014063052.0 | ||
| 007 | t| | ||
| 008 | 021209s1907 sp ||||1| spa d | ||
| 100 | 1 |
_aAlzola y Minondo, Pablo de, _d1841-1912 _921064 |
|
| 245 | 1 | 3 |
_aEl reforma del impuesto de consumos / _cPablo de Alzola y Minondo. |
| 260 |
_aMadrid : _bAmbrosio Pérez y Cª, _c1907. |
||
| 300 |
_a246 p. ; _c25 cm. |
||
| 852 |
_aES-MaACL _jF-6475 |
||
| 999 |
_c23237 _d23237 |
||